000 00444nab a2200145Ia 4500
003 ES-SlBCS
005 20210601134115.0
008 140529s2010 xxu||||| |||| 00| 0 por d
041 _apor
100 1 _aItamar Borges, Bento
_9205762
245 0 2 _aA Fenomenologia do espírito como romance de formaáo
_c Bento Itamar Borges
600 1 4 _aHegel-Goethe
_9213672
773 0 _tVeritas
_gvol. 55, nº. 3, 2010, págs. 158-177
_wRev488
942 _cAR
999 _c607200
_d607200